Environmental health criteria

Đã lưu trong:
書目詳細資料
企業作者: WHO
格式: 圖書
語言:Undetermined
出版: Geneva WHO 1995
主題:
標簽: 添加標簽
沒有標簽, 成為第一個標記此記錄!
Thư viện lưu trữ: Trung tâm Học liệu Trường Đại học Cần Thơ
LEADER 00499nam a2200169Ia 4500
001 CTU_76689
008 210402s9999 xx 000 0 und d
082 |a 363.7384 
082 |b W927/E.173 
110 |a WHO 
245 0 |a Environmental health criteria 
260 |a Geneva 
260 |b WHO 
260 |c 1995 
650 |a Environmental exposure,Environmental sciences,Pesticides residues-analysis-toxiclogy 
904 |i Tuyến,Hải 
980 |a Trung tâm Học liệu Trường Đại học Cần Thơ